000 00614nam a2200241 a 4500
999 _c4449
_d4449
001 4449
003 BD-JhCC
005 20171127182921.0
008 171127s2006 ii |||| || | 001 0 eng d
020 _a9780007253906
035 _a(BD-JhCC)4449
040 _aBD-JhCC
_dBD-JhCC
041 _aeng
082 _a920
_bFIS 2006
100 _aFischer, Louis
245 _aThe Life of Mahatma Gandhi /
_c Louis Fischer,
260 _aindia:
_bharper collins Publishers
_c2006.
300 _a668. :
_c18 cm.
504 _aIncludes Index & Bibligraphy
650 _aBiography
942 _2ddc
_cBK